| 000 | 01074cam a2200289 i 4500 | ||
|---|---|---|---|
| 001 | 3650688 | ||
| 003 | PILC | ||
| 005 | 20160128090716.0 | ||
| 008 | 760120s1976 nyu 000 1 eng | ||
| 010 | _a 76000930 | ||
| 020 | _a0399117504 | ||
| 040 |
_aDLC _cDLC _dDLC _dOCoLC _dDLC |
||
| 043 | _af------ | ||
| 050 | 0 | 0 |
_aPZ 4.S19465 _b.Sa194 1976 |
| 082 | 0 | 0 |
_aFIC _bSa5t 1976 |
| 100 | 1 |
_aSanders, Lawrence, _d1920- _917526 |
|
| 245 | 1 | 4 |
_aThe tangent objective _cLawrence Sanders. |
| 260 |
_aNew York : _bPutnam, _cc1976. |
||
| 300 |
_a312 p. ; _c22 cm. |
||
| 520 | _aAs the corrupt and strife-torn African nation of Asante teeters on the brink of savage revolt, the lives of two men -- one white, one black are caught tip in an explosive maelstrom of money, politics, intrigue and violent reaction. | ||
| 651 | 0 |
_aAfrica _xPolitics and government _vFiction. _917527 |
|
| 655 | 7 |
_aDetective and mystery stories. _2gsafd _93472 |
|
| 655 | 7 |
_aPolitical fiction. _2lcsh _91888 |
|
| 906 |
_a7 _bcbc _corignew _d1 _eocip _f19 _gy-gencatlg |
||
| 942 |
_2lcc _cBK |
||
| 999 |
_c10744 _d10744 |
||